000 00507nam a22001932 4500
001 0000002759
005 20170406114458.0
008 140403s xx 000 0 eng d
020 _c$
040 _aYour Holding Symbol
_cYour Holding Symbol
100 1 _aGoulden Joseph C.
245 1 4 _aThe best years :
_b1945-1950.
250 _a ed.
260 _anew york :
_bAnteneum,
_c1976.
300 _a468 p. ;
_c cm.
504 _aindex.
650 0 _asocial conditions.
908 _a140403
999 _c2645
_d2645